René- Residente - Estadísticas

Estadísticas generales
  • Esta prueba ha sido intentada 42 veces
  • La puntuación promedio es 557 de 779
Estadísticas de respuestas
Letra % Correcto
no
100%
No
100%
a
92%
A
92%
béisbol
92%
beisbolista
92%
de
92%
El
92%
el
92%
él
92%
la
92%
La
92%
que
92%
Que
92%
se
92%
92%
Se
92%
ser
92%
al
88%
en
88%
En
88%
es
88%
me
88%
Me
88%
mi
88%
Mi
88%
quería
88%
si
88%
Y
88%
y
88%
aquí
84%
Así
84%
así
84%
está
84%
las
84%
Las
84%
lo
84%
Lo
84%
los
84%
pequeño
84%
por
84%
un
84%
aprendí
80%
Aprendí
80%
con
80%
Con
80%
dónde
80%
donde
80%
encima
80%
estar
80%
mal
80%
Mis
80%
mis
80%
nadie
80%
pa
80%
Pa
80%
pero
80%
Pero
80%
pista
80%
quiero
80%
Quiero
80%
Sol
80%
su
80%
veces
80%
Ya
80%
ya
80%
batear
76%
casi
76%
contesta
76%
Cuando
76%
cuando
76%
cuatro
76%
del
76%
día
76%
era
76%
hits
76%
llamar
76%
llegué
76%
mataron
76%
medio
76%
molesta
76%
nos
76%
Nos
76%
par
76%
quién
76%
siento
76%
Solo
76%
solo
76%
to
76%
una
76%
ver
76%
amigo
72%
calle
72%
Calle
72%
casa
72%
crié
72%
cuatro
72%
Desde
72%
desde
72%
fiesta
72%
libreta
72%
Pelotas
72%
pelotas
72%
policías
72%
queda
72%
sin
72%
yo
72%
Yo
72%
alegraba
68%
alegría
68%
allí
68%
como
68%
entre
68%
escapé
68%
estadio
68%
Hace
68%
le
68%
rota
68%
sigue
68%
ventana
68%
7-5-5-0-8-2-2
64%
Abuela
64%
amigos
64%
años
64%
bien
64%
carro
64%
comer
64%
Éramos
64%
hasta
64%
inseparables
64%
maletas
64%
mejor
64%
ni
64%
padrastro
64%
pan
64%
Parque
64%
peleas
64%
Quemar
64%
sigo
64%
sobrio
64%
suene
64%
tengo
64%
tocar
64%
todo
64%
vengo
64%
volver
64%
Volver
64%
Volví
64%
voy
64%
13
60%
abajo
60%
alcohol
60%
apagaron
60%
arte
60%
aunque
60%
avión
60%
bailando
60%
bici
60%
bicicleta
60%
borracho
60%
Christopher
60%
comí
60%
cuesta
60%
despacho
60%
diez
60%
disco
60%
Escribo
60%
escribo
60%
fue
60%
gira
60%
importa
60%
luces
60%
mami
60%
mesa
60%
murió
60%
música
60%
nuestros
60%
nunca
60%
otros
60%
pana
60%
partido
60%
peces
60%
problemas
60%
redonda
60%
rompimo
60%
soltar
60%
tiene
60%
viendo
60%
vio
60%
barro
56%
calor
56%
conocen
56%
cuento
56%
despertaba
56%
detenía
56%
eran
56%
estrés
56%
fui
56%
hermano
56%
hijo
56%
horno
56%
Insulté
56%
mitad
56%
mordisco
56%
mudamos
56%
mundo
56%
nuevo
56%
reconocen
56%
resolvía
56%
salir
56%
televisado
56%
tocando
56%
tomar
56%
afuera
52%
ajo
52%
alimento
52%
base
52%
Blades
52%
camiseta
52%
canciones
52%
cobrar
52%
concierto
52%
depresión
52%
dueños
52%
duermo
52%
Empecé
52%
enfermo
52%
estoy
52%
Estoy
52%
faltó
52%
fuimos
52%
gobernador
52%
goma
52%
industria
52%
investigando
52%
Juan
52%
lleno
52%
mañana
52%
más
52%
mentira
52%
microondas
52%
país
52%
porque
52%
propio
52%
quedó
52%
río
52%
robaba
52%
Rubén
52%
San
52%
saqué
52%
sueños
52%
triste
52%
Trujillo
52%
vacío
52%
vida
52%
alemán
48%
banco
48%
becaron
48%
caigo
48%
caja
48%
calendario
48%
casamientos
48%
Compartíamos
48%
control
48%
dejaban
48%
derrotas
48%
entera
48%
entierren
48%
entrar
48%
escuchando
48%
escuela
48%
flamenco
48%
ir
48%
lata
48%
logros
48%
nuestras
48%
obra
48%
parcela
48%
perdía
48%
piso
48%
plástico
48%
quieren
48%
rapeaba
48%
rapear
48%
sentí
48%
teatro
48%
tenía
48%
universidad
48%
vaso
48%
vestía
48%
viejo
48%
arroz
44%
bajar
44%
cagué
44%
caiga
44%
cante
44%
Censuraron
44%
Clase
44%
Cometa
44%
contestan
44%
convertimos
44%
Corríamos
44%
creer
44%
dedico
44%
Dejó
44%
disculpa
44%
divorciando
44%
empaqué
44%
empleados
44%
Grammy
44%
jugar
44%
mar
44%
miedo
44%
presión
44%
préstamo
44%
Puerto
44%
Rico
44%
rimando
44%
ruedas
44%
segunda
44%
semana
44%
sentir
44%
sube
44%
telón
44%
11
40%
actuar
40%
cuidarnos
40%
decirles
40%
defendió
40%
desaparecer
40%
despidieron
40%
este
40%
fingir
40%
gandules
40%
hecho
40%
hotel
40%
importan
40%
india
40%
invitó
40%
juntos
40%
llamaban
40%
malta
40%
media-baja
40%
piedras
40%
batería
36%
cine
36%
cuenta
36%
Dije
36%
envase
36%
navidades
36%
pelear
36%
Puede
36%
puedo
36%
Recargábamos
36%
sacar
36%
Tiramos
36%
tristeza
36%
buscar
32%
cartas
32%
disimule
32%
duele
32%
Halley
32%
Limpiar
32%
madrugada
32%
paja
32%
quedarme
32%
ron
32%
vacía
32%
aterrizar
28%
Cometo
28%
consuele
28%
errores
28%
hago
28%
IRS
28%
suerte
28%
verano
28%
adentro
24%
ahorro
24%
botas
24%
Ella
24%
llegar
24%
pulpa
24%
puso
24%
robarme
24%
No se encontraron pruebas coincidentes
Distribución de puntuación
Porcentaje de gente con cada puntuación
Porcentaje por número respondido
Historial de tus puntuaciones
No has intentado esta prueba.